Taylor Swift Track 1 Songs - Sudden Death - Statistics

General Stats
  • This quiz has been taken 209 times
  • The average score is 7 of 9
Answers on the Grid
Answers color-coded by a green-red scale on the quiz's grid according to % correct below.
Mine
Cruel Summer
Fearless
Lover
Welcome to New York
the 1
All Too Well
Anti Hero
Our Song
…Ready for it?
State of Grace
Willow
Florida!!!
Lavender Haze
Cardigan
Fortnight
 
Answer Stats
Answer % Correct
Welcome to New York
89%
the 1
81%
…Ready for it?
79%
Mine
77%
Fortnight
75%
Fearless
70%
Lavender Haze
67%
State of Grace
67%
Willow
64%
No matching quizzes found
Score Distribution
Percent of People with Each Score
Percentile by Number Answered
Your Score History
You have not taken this quiz